El deprtado que vuelve a los Estados Unidos Análisis del caso para la hipótesis sobre el regreso de los deportados al Norte /
Uloženo v:
| Hlavní autor: | |
|---|---|
| Médium: | Text |
| Tagy: |
Přidat tag
Žádné tagy, Buďte první, kdo vytvoří štítek k tomuto záznamu!
|
MARC
| LEADER | 00000 a a2200000 04500 | ||
|---|---|---|---|
| 001 | 41666 | ||
| 003 | |||
| 040 | |||
| 100 | |a Falla, Ricardo | ||
| 245 | |a El deprtado que vuelve a los Estados Unidos |b Análisis del caso para la hipótesis sobre el regreso de los deportados al Norte / |c Ricardo Falla | ||
| 773 | |g volumen7, número23 ( , 2009), páginas 12-20 | ||
| 999 | |c 33089 |d 33089 | ||
